The Pretender - Foo Fighters lyrics - Statistics

General Stats
  • This quiz has been taken 313 times
  • The average score is 41 of 61
Answer Stats
Lyrics Answer % Correct
You know they all _______ pretend
98%
Keep you in the ____ dark
93%
Keep you in the ____ dark
93%
Keep you in the ____ dark
93%
You're the _________ Pretender
85%
You're the _________ Pretender
85%
You're the _________ Pretender
85%
You're the _________ Pretender
85%
You're the _________ Pretender
85%
You're the _________ Pretender
85%
What if I say I'm not just another ___ of your plays? one
82%
What if I say I'm not just another ___ of your plays? one
82%
What if I say I'm not just another ___ of your plays one
82%
What if I say I'm not like the ______? others
82%
What if I say I'm not like the ______? others
82%
What if I say I'm not like the ______? others
82%
What if I say I'm not like the ______? others
82%
What if I say I'm not like the ______? others
82%
What if I say I'm not like the ______? others
82%
What if I say I will never _________? surrender
81%
What if I say that I'll never _________? surrender
81%
What if I say I will never _________? surrender
81%
What if I say that I'll never _________? surrender
81%
What if I say I will never _________? surrender
81%
What if I say I will never _________? surrender
81%
What if I say I'm not just another one of your _____? plays
73%
What if I say I'm not just another one of your _____? plays
73%
What if I say I'm not just another one of your _____? plays
73%
Same old _____ story
72%
Same old _____ story
72%
I'm the voice inside your ____ head
70%
Send in your _________ skeletons
70%
You ____ they all pretend know
66%
So ___ ___ ___? who are you
64%
Yeah, ___ ___ ___? who are you
64%
Yeah, ___ ___ ___? who are you
64%
Yeah, ___ ___ ___? who are you
64%
Bring you to your _____ knees
61%
And so it all _____ began
60%
It's _____-______, _____-______ never ending
60%
___ ___ _____? Are you ready
59%
I'm the _____ enemy
59%
I'm what's _____ right
57%
I'm the hand that will take you ____ down
56%
I'm ________ making sense finished
56%
I'm what's ____ left
56%
Done pleading ________ ignorance
55%
The need you ______ deep buried
54%
I'm just another soul for sale, __ ____ oh well
54%
You ______ to hear refuse
54%
I'm the ____ that you have to ____ face
53%
We're _________, _________ temporary
43%
The page is out of _____ print
42%
We are not _________ permanent
41%
The wheel is ________ me spinning
41%
Sing as their _____ __ ________ in, again bones go marching
39%
In time our ____ untold soul
35%
That whole _______ defense
34%
________ in your stare Mirrored
33%
The secrets that you keep are ____ _____ ever ready
30%
Spinning ________, boy infinity
29%
No matching quizzes found
Score Distribution
Percent of People with Each Score
Percentile by Number Answered
Your Score History
You have not taken this quiz